000 00703nam a2200289Ia 4500
005 20260324111347.0
008 008 260324s9999 xx 000 0 eng d
020 _a9781032627588
037 _aEBOOK
040 _aCRL
040 _beng
040 _cCRL
041 _2eng
041 _aeng
084 _qCRL
100 _aRanu Roychoudhuri; Rebecca M. Brown
_91138232
245 0 _aDocumenting Industry
245 0 _bPhotography, Aesthetics and Labor in India
260 _bTaylor and Francis
260 _c2025
365 _a
365 _b230
856 _uhttp://www.taylorfrancis.com/books/9781032627588
942 _cEBOOK
999 _c1727030
_d1727030